Bakunin : crítica y acción /
Guardado en:
| Autor Principal: | |
|---|---|
| Formato: | Libro |
| Publicado: |
Buenos Aires :
Libros de Anarres
|
| Series: | Utopía Libertaria
|
| Materias: | |
| Etiquetas: |
Agregar Etiqueta
Sin Etiquetas, Sea el primero en etiquetar este registro!
|
| LEADER | 01704nam a22002055a 4500 | ||
|---|---|---|---|
| 001 | CEM.cems012563 | ||
| 005 | 20070823190814.0 | ||
| 008 | 130507b######################000#0#####d | ||
| 003 | CEMS | ||
| 020 | |a 9872244022 | ||
| 082 | 0 | 4 | |a 335.8 |
| 100 | 1 | |a Mintz, Frank | |
| 245 | 1 | 0 | |a Bakunin : |b crítica y acción / |c Compilado Por Frank Mintz |
| 260 | |a Buenos Aires : |b Libros de Anarres | ||
| 300 | |a 128 p. | ||
| 490 | 0 | |a Utopía Libertaria | |
| 505 | 0 | |a Discusión con Bakunin -- Sobre la revolución social -- Sobre la acción durante la revolución y la guerra civil -- Sobre la continuación de la revolución social y del período transitorio -- Crítica de algunos aspectos -- La proximidad de la explosión social -- El nacionalismo y los orígenes nacionales -- La psicología individual -- Exposición de las ideas anarquistas -- El anarquista -- La autoridad, sus virtudes y sus límites -- La ineficacia del reformismo -- El terrorismo individual y su eficacia -- Exposición de la organización para la revolución -- El momento de la revolución -- Los asalariados, la mayoría de los trabajadores -- El Estado y la explotación social -- Ciencia, centralización y anarquistas -- La disciplina en las organizaciones -- Sindicalismo e indiferencia de la base -- Sindicalismo y religión -- Demagogia frente a las masas -- El individualismo -- El control del poder -- Grupo ideológicos y organización de masa -- Textos inéditos en español -- La política de la Internacional -- La organización de la Internacional -- Bakunin visto por Kropotkin -- Maximov: breve biografía y extractos de textos | |
| 653 | |a Anarquismo | ||
| 859 | |a CEMS |b BIB. CEMS - 11 de abril |h 335.8 |i M668 |p 23912.07 |t Ej.1 | ||
